000
00332nam a22001337a 4500
041
_a
ENG
100
_a
Gokhale .M.Y
245
_a
Engineering Mathematics 3
260
_a
Pune
_b
Nirali Prakashan
_c
2004
300
_a
P-4
650
_a
Competitlve Exam
700
_a
Mujumdar .N.S , Kulkarni .S.S
856
_u
Competitlve Exam ( 36 )
999
_c
912
_d
912